=LDR 00000nam 2200000 4500 =001 INLIS000000000051015 =005 20221228015537 =035 ##$$a 0010-0817000198 =007 ta =008 221228################g##########0#ind## =020 ##$$a 978-978-1025-84-3 =082 ##$$a 297.730 959 865 1 =084 ##$$a 297.730 959 865 1 BER b =245 ##$$a Berani sukses : $b Kisah inspiratif madrasah dari gumi sasak /$c Tim Penulis; Alumni Fase 2 SNIP NTB ; editor, Mukhlis Muma Leon...[et al] =250 ##$$a cet.1 =260 ##$$a Gunung Sari :$b Arga Puji Press,$c 2015 =300 ##$$a xxxviii, 150 hlm ; $c 21 x 14 cm =650 #4$$a Madrasah - Lombok =700 #$$a Mukhlis Muma Leon...[et al] =990 ##$$a 31701632 =990 ##$$a 035/45/2016 =990 ##$$a 035/45/2016 =990 ##$$a 31701632